LEADER 02746nam0 22005053i 450 001 BVEE054607 005 20170908093227.0 012 $al,as s.u- uea- cope (3) 1609 (R)$2fei 100 $a20110905d1609 ||||0itac50 ba 101 | $alat 102 $ach 181 1$6z01$ai $bxxxe 182 1$6z01$an 200 1 $a˜C. Cornelii Taciti œOpera quae extant, iuxta veterrimos manuscriptos emendata, notisque auctoribus illustrata, per Curtium Pichenam sereniss. magni ducis Etruriae à secretis 210 $aAureliae Allobrogum$cexcudebant Abrahamus Franciscus & Ioannes Hugo socij$d1609 215 $a\24!, 824, 232, \24! p.$d8º 300 $aA c. 2¶1-3: C. Cornelii Taciti vita, per Iustum Lipsium conscripta 300 $aMarca non controllata (Gesù davanti ad un tornio da vasaio: Stante et currente rota) sul front 300 $aSegn.: ¶⁸ 2¶⁴ A-3E⁸ 3F⁴, ²A-Q⁸ 300 $aBianca l'ultima c. 316 $a1 v.; mutilo del front. e delle c. ¶8 e Q8.$5IT-AV0045, CINQ 001. 0775 620 $aCH$dGinevra$3RMSL001240 700 1$aTacitus$b, Publius Cornelius$3CFIV000651$4070$05717 702 1$aLipsius$b, Justus$3CFIV068975 702 1$aPicchena$b, Curzio$f $3RMLV033238 712 02$aFranciscus, Abrahamus & Hugo, Ioannes$3BVEV108285$4650 790 0$aTacite$3BVEV012215$zTacitus, Publius Cornelius 790 0$aTacito$3CFIV176166$zTacitus, Publius Cornelius 790 1$aTacitus$b, Caius Cornelius$3MILV197820$zTacitus, Publius Cornelius 790 1$aTacito$b, Cornelio Publio$3SBNV037437$zTacitus, Publius Cornelius 790 1$aTacito$b, Publio Cornelio$3TO0V260445$zTacitus, Publius Cornelius 790 0$aTacitus$3UBOV684127$zTacitus, Publius Cornelius 790 1$aLipsio$b, Giusto$3CFIV119701$zLipsius, Justus 790 1$aLips$b, Joost$3PUVV176112$zLipsius, Justus 790 1$aLipse$b, Juste$3PUVV176113$zLipsius, Justus 790 1$aPichena$b, Curtius$3BVEV055455$zPicchena, Curzio 791 02$aHugo, Ioannes & Franciscus, Abrahamus$3BVEV108286$zFranciscus, Abrahamus & Hugo, Ioannes 801 3$aIT$bIT-NA0079$c20110905 850 $aIT-AV0045 912 $aBVEE054607 921 $aSBNM000001$bMarca non controllata$cS2$dSul front. 950 0$aBiblioteca Statale di Montevergine$b1 esemplare (manca il front. e le c. ¶8 e Q8)$c1 v.$d MVCINQ 001. 0775$e MV 0000442675 R 1 v.; mutilo del front. e delle c. ¶8 e Q8.$fZ $i20110905 977 $a MV 996 $aOpera quae extant, iuxta veterrimos manuscriptos emendata, notisque auctoribus illustrata, per Curtium Pichenam sereniss. magni ducis Etruriae à secretis$91482092 997 $aUNISANNIO LEADER 01687nam 2200373 n 450 001 996394700603316 005 20200824121847.0 035 $a(CKB)4940000000122078 035 $a(EEBO)2240952397 035 $a(UnM)99872988e 035 $a(UnM)99872988 035 $a(EXLCZ)994940000000122078 100 $a19850426d1645 uy | 101 0 $aeng 135 $aurbn||||a|bb| 200 14$aThe Sabbath truly sanctified, or, Godly rules and directions for all sincere Christian professors, for the strict observation of the Lords Day before, at, and after the publike exercises of the church$b[electronic resource] $eWith an order from the House of Commons, for the due observing the Sabbath-Day. As also, a cataloge of the fearfull judgements that have happenned to wilfull infringers, and profane and irreligious Sabbath-breakers. By A.B. Remember thou keep holy the Sabbath day 210 $aLondon $c[s.n.]$dPrinted Ian. 31. in the yeer, MDCXLV. [1645] 215 $a[8] p 300 $aSignatures: A?. 300 $aReproduction of the original in the British Library. 330 $aeebo-0018 606 $aSunday$vEarly works to 1800 606 $aSunday legislation$zEngland$vEarly works to 1800 615 0$aSunday 615 0$aSunday legislation 700 $aA. B$0790577 801 0$bCu-RivES 801 1$bCu-RivES 801 2$bCStRLIN 801 2$bWaOLN 906 $aBOOK 912 $a996394700603316 996 $aThe Sabbath truly sanctified, or, Godly rules and directions for all sincere Christian professors, for the strict observation of the Lords Day before, at, and after the publike exercises of the church$92352572 997 $aUNISA